Normal view
MARC view
- القضية الفلسطينية-فلسطين-تاريخ
Entry Topical Term
001 - CONTROL NUMBER
- control field: 60379
003 - CONTROL NUMBER IDENTIFIER
- control field: JO-AjAnu
005 - DATE AND TIME OF LATEST TRANSACTION
- control field: 20230606083853.0
008 - FIXED-LENGTH DATA ELEMENTS
- fixed length control field: 230606|| aca||aabn | a|a d
040 ## - CATALOGING SOURCE
- Original cataloging agency: JO-AjAnu
- Transcribing agency: JO-AjAnu
150 ## - HEADING--TOPICAL TERM
- Topical term or geographic name entry element: القضية الفلسطينية-فلسطين-تاريخ
670 ## - SOURCE DATA FOUND
- Source citation: Work cat.: (JO-AjAnu)30790: السرجاني، راغب , author 60378, فلسطين..واجبات الامة: 1135 دورا ايجابيا لنصرة فلسطين